[Event "2. BUNDESLIGA MITTE 2017/2018"]
[Site "St. Valentin, Pinggau/Villach/Taufkirchen, Fuerstenfeld, St. Veit"]
[Date "2017.10.29"]
[Round "3"]
[Board "2"]
[White "Huber, Martin Christian"]
[Black "Renner, Christoph"]
[Result "1-0"]
[WhiteElo "2365"]
[BlackElo "2349"]
[PlyCount "65"]
[EventDate "2017.10.27"]
[EventType "team"]
[EventRounds "11"]
[EventCountry "AUT"]
[WhiteTeam "Schachfreunde Graz"]
[BlackTeam "SPG Sauwald"]

1. d4 f5 2. g3 Nf6 3. Bg2 g6 4. Nf3 Bg7 5. c4 O-O 6. O-O c6 7. Nc3 d5 8. Qb3 e6
9. Bf4 Nbd7 10. Rad1 Re8 11. Qc2 Qe7 12. a3 Nh5 13. Bc1 b6 14. b4 Bb7 15. b5
dxc4 16. Ng5 Rac8 17. Nxe6 Qxe6 18. bxc6 Bxc6 19. d5 Qe5 20. dxc6 Nb8 21. Bb2
Kh8 22. Rd5 Qe6 23. Nb5 c3 24. Bxc3 Rxc6 25. Nd4 Bxd4 26. Bxd4+ Ng7 27. Qb2 Qf7
28. Re5 Rcc8 29. Rxe8+ Rxe8 30. Rc1 h6 31. Be5 Na6 32. Bxg7+ Qxg7 33. Qb5  1-0

[Event "2. BUNDESLIGA MITTE 2017/2018"]
[Site "St. Valentin, Pinggau/Villach/Taufkirchen, Fuerstenfeld, St. Veit"]
[Date "2017.10.29"]
[Round "3"]
[Board "3"]
[White "Testor, Sebastian"]
[Black "Kravanja, Georg"]
[Result "1/2-1/2"]
[WhiteElo "2293"]
[BlackElo "2267"]
[PlyCount "82"]
[EventDate "2017.10.27"]
[EventType "team"]
[EventRounds "11"]
[EventCountry "AUT"]
[WhiteTeam "SPG Sauwald"]
[BlackTeam "Schachfreunde Graz"]

1. d4 Nf6 2. Nf3 g6 3. c4 Bg7 4. Nc3 d5 5. Bf4 O-O 6. Rc1 dxc4 7. e4 c5 8. dxc5
Qa5 9. e5 Ne4 10. Bxc4 Nxc5 11. O-O Nc6 12. a3 Ne6 13. Bg3 Rd8 14. Qe1 Ncd4 15.
Nxd4 Nxd4 16. Nb5 Qxe1 17. Rfxe1 Nxb5 18. Bxb5 Be6 19. f4 Rd2 20. Re2 Rad8 21.
Be1 R2d4 22. Rf2 g5 23. f5 Rd1 24. Rxd1 Rxd1 25. Kf1 Bb3 26. f6 Bf8 27. Rd2
exf6 28. exf6 Rxd2 29. Bxd2 Bd6 30. g3 h6 31. Ke2 Bc2 32. Bc4 Bf5 33. Bd5 b6
34. Bc3 Be6 35. Be4 Kf8 36. Ke3 Ke8 37. Kd4 Kd7 38. Bd2 Bc5+ 39. Ke5 Bd6+ 40.
Kd4 Bc5+ 41. Kd3 Bd6  1/2-1/2

[Event "2. BUNDESLIGA MITTE 2017/2018"]
[Site "St. Valentin, Pinggau/Villach/Taufkirchen, Fuerstenfeld, St. Veit"]
[Date "2017.10.29"]
[Round "3"]
[Board "4"]
[White "Domarkaite, Laima"]
[Black "Taggatz, Mario"]
[Result "1/2-1/2"]
[WhiteElo "2129"]
[BlackElo "2183"]
[PlyCount "128"]
[EventDate "2017.10.27"]
[EventType "team"]
[EventRounds "11"]
[EventCountry "AUT"]
[WhiteTeam "Schachfreunde Graz"]
[BlackTeam "SPG Sauwald"]

1. e4 c5 2. c3 Nf6 3. e5 Nd5 4. d4 cxd4 5. Nf3 Nc6 6. cxd4 d6 7. Bc4 dxe5 8.
Bxd5 Qxd5 9. Nc3 Qd6 10. d5 Nd4 11. Nxd4 exd4 12. Qxd4 e5 13. Qe3 Be7 14. O-O
O-O 15. Re1 f6 16. Nb5 Qb4 17. Nc7 Rb8 18. Bd2 Qb6 19. Qxb6 axb6 20. Be3 Bc5
21. Rac1 Bxe3 22. Rxe3 Rd8 23. Rd1 Bf5 24. f3 Rd7 25. Rc3 Rbd8 26. Rdc1 h5 27.
h4 Kf7 28. Kf2 Rd6 29. Ra3 Rc8 30. Rac3 Rcd8 31. Ke3 Rc8 32. Ke2 g5 33. hxg5
fxg5 34. Nb5 Rxd5 35. Rxc8 Bxc8 36. Rc7+ Ke6 37. Nc3 Rc5 38. Rh7 b5 39. a3 h4
40. Rh6+ Kf7 41. Rb6 g4 42. fxg4 Bxg4+ 43. Ke3 Bd7 44. Rh6 Bc6 45. Rxh4 Bxg2
46. Rh6 Bc6 47. Rh4 Rc4 48. Rxc4 bxc4 49. Ke2 Ke6 50. Nd1 Kd5 51. Kd2 Kd4 52.
Ne3 Be4 53. Nd1 Bd3 54. Ne3 Ke4 55. Nd1 Kf3 56. Ne3 Ke4 57. Nd1 Kd4 58. Ne3 e4
59. Nf5+ Ke5 60. Ne3 b5 61. Nd1 Kd4 62. Ne3 Bb1 63. Nf5+ Ke5 64. Ne3 Kd4
 1/2-1/2

[Event "2. BUNDESLIGA MITTE 2017/2018"]
[Site "St. Valentin, Pinggau/Villach/Taufkirchen, Fuerstenfeld, St. Veit"]
[Date "2017.10.29"]
[Round "3"]
[Board "5"]
[White "Hellmayr, Alois"]
[Black "Eder, Matthias"]
[Result "0-1"]
[WhiteElo "2256"]
[BlackElo "2161"]
[PlyCount "88"]
[EventDate "2017.10.27"]
[EventType "team"]
[EventRounds "11"]
[EventCountry "AUT"]
[WhiteTeam "SPG Sauwald"]
[BlackTeam "Schachfreunde Graz"]

1. d4 d5 2. Nf3 Nf6 3. g3 Bf5 4. Bg2 e6 5. O-O Nc6 6. c4 Be7 7. Nc3 O-O 8. Ne5
dxc4 9. e4 Bg6 10. Nxc6 bxc6 11. Qa4 Qxd4 12. Be3 Qe5 13. Qxc4 Qh5 14. h3 Rab8
15. Qxc6 Rxb2 16. Qxc7 Bb4 17. Na4 Ba5 18. Qxa7 Rb4 19. Nc3 Rc4 20. g4 Qe5 21.
Ne2 Bxe4 22. Bd4 Qd5 23. Bxe4 Qxe4 24. Bxf6 Qxe2 25. Be7 Rc7 26. Qxa5 Rxe7 27.
Rfe1 Qf3 28. Re3 Qf6 29. Qe5 Qg6 30. a4 Rd7 31. a5 Rd5 32. Qe4 Qf6 33. Ra2 h5
34. a6 hxg4 35. hxg4 Rd4 36. Qb7 Rxg4+ 37. Kf1 Qg6 38. a7 Rg1+ 39. Ke2 Qg4+ 40.
Kd2 Rd8+ 41. Kc2 Qd1+ 42. Kc3 Qd4+ 43. Kc2 Qd2+ 44. Kb3 Rb1+  0-1

[Event "2. BUNDESLIGA MITTE 2017/2018"]
[Site "St. Valentin, Pinggau/Villach/Taufkirchen, Fuerstenfeld, St. Veit"]
[Date "2017.10.29"]
[Round "3"]
[Board "6"]
[White "Prato, Simon"]
[Black "Hiermann, Dietmar"]
[Result "1-0"]
[WhiteElo "2000"]
[BlackElo "2257"]
[PlyCount "73"]
[EventDate "2017.10.27"]
[EventType "team"]
[EventRounds "11"]
[EventCountry "AUT"]
[WhiteTeam "Schachfreunde Graz"]
[BlackTeam "SPG Sauwald"]

1. e4 e5 2. Nf3 Nc6 3. Bb5 a6 4. Ba4 g6 5. d4 exd4 6. Bg5 f6 7. Bh4 Qe7 8. O-O
g5 9. Bg3 d6 10. Nxd4 Bd7 11. Nc3 O-O-O 12. Bxc6 Bxc6 13. Nxc6 bxc6 14. Qd3 Kb7
15. b4 Qe8 16. a4 Ne7 17. b5 Ra8 18. bxa6+ Kc8 19. Rfb1 Ng6 20. Rb7 Ne5 21.
Bxe5 Qxe5 22. Rab1 Be7 23. a7 Kd7 24. Qh3+ f5 25. exf5 Bf6 26. Na2 Rhe8 27. g4
Re7 28. Nb4 Qd4 29. Na6 Rxa7 30. Nb8+ Kc8 31. Rxa7 Qxa7 32. Nxc6 Qxa4 33. Nxe7+
Bxe7 34. Re1 Bf6 35. Qf3 Kd7 36. Qe4 Bd4 37. Qe8#  1-0

[Event "2. BUNDESLIGA MITTE 2017/2018"]
[Site "St. Valentin, Pinggau/Villach/Taufkirchen, Fuerstenfeld, St. Veit"]
[Date "2017.10.29"]
[Round "3"]
[Board "1"]
[White "Heinemann, Thies"]
[Black "Riemelmoser, Franz"]
[Result "1-0"]
[WhiteElo "2508"]
[BlackElo "2346"]
[PlyCount "87"]
[EventDate "2017.10.27"]
[EventType "team"]
[EventRounds "11"]
[EventCountry "AUT"]
[WhiteTeam "RbEj Gleisdorf"]
[BlackTeam "ESV ASKOE Admira Villach"]

1. e4 e6 2. Qe2 c5 3. Nf3 Nc6 4. g3 g6 5. Bg2 Bg7 6. O-O Nge7 7. c3 O-O 8. Na3
d6 9. Nc2 e5 10. a3 Be6 11. b4 h6 12. Rb1 Qd7 13. Rd1 f5 14. d3 b6 15. exf5
gxf5 16. Bh3 Rae8 17. Nh4 f4 18. Bxe6+ Qxe6 19. b5 Nd8 20. c4 Nf7 21. Bxf4 Ng6
22. Nxg6 Qxg6 23. Be3 Nd8 24. Ne1 Ne6 25. Qf1 e4 26. Nc2 Nd4 27. Bxd4 Bxd4 28.
Nxd4 e3 29. f4 cxd4 30. Rb2 Qg4 31. Re1 d5 32. cxd5 Rc8 33. Qg2 Rfe8 34. Rb4
Qg7 35. d6 Rc5 36. Qb2 Rc3 37. Qa2+ Kh8 38. Qd5 Rxd3 39. Rc4 e2 40. d7 Rxg3+
41. Kf2 Rg8 42. Qxg8+ Qxg8 43. hxg3 Kh7 44. Rxd4  1-0

[Event "2. BUNDESLIGA MITTE 2017/2018"]
[Site "St. Valentin, Pinggau/Villach/Taufkirchen, Fuerstenfeld, St. Veit"]
[Date "2017.10.29"]
[Round "3"]
[Board "2"]
[White "Reichmann, Egon"]
[Black "Frosch, Ronald"]
[Result "0-1"]
[WhiteElo "2265"]
[BlackElo "2306"]
[PlyCount "74"]
[EventDate "2017.10.27"]
[EventType "team"]
[EventRounds "11"]
[EventCountry "AUT"]
[WhiteTeam "ESV ASKOE Admira Villach"]
[BlackTeam "RbEj Gleisdorf"]

1. e4 c6 2. d4 d5 3. e5 Bf5 4. Nf3 e6 5. Be2 Nd7 6. O-O Ne7 7. Nbd2 c5 8. c4
cxd4 9. Nxd4 Nxe5 10. cxd5 Qxd5 11. Qa4+ N7c6 12. Nxc6 bxc6 13. Nf3 Be4 14. Rd1
Bxf3 15. Rxd5 Bxd5 16. Bf4 Bd6 17. Ba6 O-O 18. Re1 f6 19. b3 Rab8 20. Bd2 Rf7
21. h3 g5 22. Bc3 Nd7 23. Qg4 Ne5 24. Qe2 Ng6 25. Qd2 Rd8 26. Ba5 Rdf8 27. Bc4
Bxc4 28. bxc4 Rd7 29. Kf1 Rff7 30. Rxe6 Be5 31. Qc2 Nf4 32. Rxc6 Rb7 33. g3 Rb2
34. Qf5 Ne2 35. Kg2 Nxg3 36. Qc8+ Kg7 37. Bc7 Ne4 $138  0-1

[Event "2. BUNDESLIGA MITTE 2017/2018"]
[Site "St. Valentin, Pinggau/Villach/Taufkirchen, Fuerstenfeld, St. Veit"]
[Date "2017.10.29"]
[Round "3"]
[Board "3"]
[White "Frosch, Erich"]
[Black "Perhinig, Robert"]
[Result "1-0"]
[WhiteElo "2202"]
[BlackElo "2264"]
[PlyCount "51"]
[EventDate "2017.10.27"]
[EventType "team"]
[EventRounds "11"]
[EventCountry "AUT"]
[WhiteTeam "RbEj Gleisdorf"]
[BlackTeam "ESV ASKOE Admira Villach"]

1. Nf3 d5 2. b3 Nf6 3. Bb2 g6 4. d3 Bg7 5. Nbd2 O-O 6. g3 c5 7. Bg2 Nc6 8. Ne5
Nxe5 9. Bxe5 b6 10. O-O Bb7 11. Qc1 Bh6 12. Bxf6 exf6 13. e3 Qd7 14. a4 Rad8
15. Rd1 d4 16. e4 Bxd2 17. Qxd2 f5 18. Re1 Rfe8 19. Bh3 Qc6 20. f3 fxe4 21.
fxe4 Re5 22. Qf4 Rde8 23. Rf1 f5 24. Rf2 fxe4 25. Qf7+ Kh8 26. Bd7  1-0

[Event "2. BUNDESLIGA MITTE 2017/2018"]
[Site "St. Valentin, Pinggau/Villach/Taufkirchen, Fuerstenfeld, St. Veit"]
[Date "2017.10.29"]
[Round "3"]
[Board "4"]
[White "Heindl, Matthias"]
[Black "Wegerer, Fred"]
[Result "1/2-1/2"]
[WhiteElo "2180"]
[BlackElo "2135"]
[PlyCount "94"]
[EventDate "2017.10.27"]
[EventType "team"]
[EventRounds "11"]
[EventCountry "AUT"]
[WhiteTeam "ESV ASKOE Admira Villach"]
[BlackTeam "RbEj Gleisdorf"]

1. Nf3 b6 2. g3 Bb7 3. d4 e6 4. Bg2 c5 5. O-O Nf6 6. c4 Be7 7. Nc3 Ne4 8. d5
Nxc3 9. bxc3 Bf6 10. Qd3 exd5 11. cxd5 O-O 12. Bf4 Ba6 13. c4 d6 14. Rae1 g5
15. Bc1 Nd7 16. Bh3 h6 17. e4 Re8 18. Kh1 Bc8 19. Bf5 Bg7 20. h4 gxh4 21. gxh4
Ne5 22. Nxe5 Qxh4+ 23. Kg2 Bxf5 24. Rh1 Qf6 25. exf5 Rxe5 26. Rxe5 Qxe5 27.
Bxh6 Re8 28. Bxg7 Kxg7 29. Qh3 Kf8 30. Qh6+ Qg7+ 31. Kf3 Qxh6 32. Rxh6 Ke7 33.
f6+ Kd7 34. Rh7 Rf8 35. Kg4 a6 36. a4 Ke8 37. Rh3 Kd7 38. Rb3 Rb8 39. Re3 Re8
40. Kf4 Rxe3 41. fxe3 Kc7 42. e4 Kd7 43. Kf5 Kc7 44. Kf4 Kb7 45. Kf5 Kc7 46.
Kf4 Kb7 47. Kf5 Kc7  1/2-1/2

[Event "2. BUNDESLIGA MITTE 2017/2018"]
[Site "St. Valentin, Pinggau/Villach/Taufkirchen, Fuerstenfeld, St. Veit"]
[Date "2017.10.29"]
[Round "3"]
[Board "5"]
[White "Manhardt, Thomas"]
[Black "Frank, Paul"]
[Result "0-1"]
[WhiteElo "2220"]
[BlackElo "2217"]
[PlyCount "156"]
[EventDate "2017.10.27"]
[EventType "team"]
[EventRounds "11"]
[EventCountry "AUT"]
[WhiteTeam "RbEj Gleisdorf"]
[BlackTeam "ESV ASKOE Admira Villach"]

1. e4 c5 2. Be2 Nc6 3. f4 g6 4. Nf3 Bg7 5. O-O d6 6. d3 e6 7. c3 Nge7 8. Kh1 b5
9. d4 cxd4 10. cxd4 Qb6 11. Na3 a6 12. Be3 d5 13. e5 b4 14. Nc2 a5 15. b3 Ba6
16. Nce1 h5 17. Bxa6 Rxa6 18. Nd3 Nf5 19. Bf2 h4 20. Kg1 Bf8 21. Rc1 Ra8 22.
Nb2 Na7 23. Na4 Qb8 24. Qc2 Be7 25. Qc7 Bd8 26. Qxb8 Rxb8 27. Rc5 Kd7 28. Rfc1
Nb5 29. Kf1 h3 30. g3 Rg8 31. Ke2 g5 32. fxg5 Bxg5 33. R1c2 Be7 34. Rc6 Nc3+
35. R6xc3 bxc3 36. Rxc3 Rgc8 37. Rxc8 Kxc8 38. Kd3 Kc7 39. Ng1 Kc6 40. Ne2 Rg8
41. Nb2 Kb5 42. Nd1 Bb4 43. Ne3 Nxe3 44. Kxe3 Be7 45. Be1 Bg5+ 46. Kd3 Rc8 47.
Nc3+ Ka6 48. Ne2 Bc1 49. Ng1 Kb5 50. Ne2 Bb2 51. Bd2 Rg8 52. Kc2 Ba3 53. Kd3
Bb4 54. a4+ Kc6 55. Bf4 Kd7 56. Ng1 Rc8 57. Bd2 Rg8 58. Ne2 Bxd2 59. Kxd2 Ke7
60. Kc3 Rc8+ 61. Kd3 f6 62. exf6+ Kxf6 63. Nf4 Kf5 64. Nxh3 Rh8 65. Nf4 Rxh2
66. Ne2 Rf2 67. Ke3 Rf1 68. Kd2 Rf3 69. Kc2 Ke4 70. Nf4 Rxg3 71. Nxe6 Rg6 72.
Nc5+ Kxd4 73. Nb7 Rg2+ 74. Kd1 Kd3 75. Ke1 Kc3 76. Nxa5 d4 77. Nc4 d3 78. Ne5
Re2+  0-1

[Event "2. BUNDESLIGA MITTE 2017/2018"]
[Site "St. Valentin, Pinggau/Villach/Taufkirchen, Fuerstenfeld, St. Veit"]
[Date "2017.10.29"]
[Round "3"]
[Board "6"]
[White "Bachlechner, Julian"]
[Black "Wanderer, Thomas"]
[Result "0-1"]
[WhiteElo "2109"]
[BlackElo "2213"]
[PlyCount "70"]
[EventDate "2017.10.27"]
[EventType "team"]
[EventRounds "11"]
[EventCountry "AUT"]
[WhiteTeam "ESV ASKOE Admira Villach"]
[BlackTeam "RbEj Gleisdorf"]

1. d4 Nf6 2. Nf3 e6 3. g3 Be7 4. Bg2 O-O 5. O-O d5 6. c4 Nbd7 7. cxd5 exd5 8.
Nc3 c6 9. Qc2 Re8 10. Bf4 Nf8 11. Rad1 Bg4 12. Ne5 Bh5 13. Bc1 Ne6 14. h3 Qb6
15. Be3 Bd6 16. g4 Bg6 17. Nxg6 hxg6 18. Qd2 Re7 19. g5 Nh5 20. Bxd5 cxd5 21.
Nxd5 Qd8 22. Nxe7+ Qxe7 23. h4 Re8 24. d5 Nef4 25. Bxf4 Nxf4 26. e3 Nh3+ 27.
Kg2 Qe4+ 28. f3 Qxh4 29. Qe1 Nf4+ 30. exf4 Rxe1 31. Rfxe1 f5 32. gxf6 Qxf4 33.
f7+ Kxf7 34. Rd3 Qh2+ 35. Kf1 Bg3  0-1

[Event "2. BUNDESLIGA MITTE 2017/2018"]
[Site "St. Valentin, Pinggau/Villach/Taufkirchen, Fuerstenfeld, St. Veit"]
[Date "2017.10.29"]
[Round "3"]
[Board "1"]
[White "Berczes, David"]
[Black "Korpa, Bence"]
[Result "0-1"]
[WhiteElo "2499"]
[BlackElo "2499"]
[PlyCount "36"]
[EventDate "2017.10.27"]
[EventType "team"]
[EventRounds "11"]
[EventCountry "AUT"]
[WhiteTeam "Leoben"]
[BlackTeam "SPG Fuerstenfeld/Hartberg"]

1. e4 c5 2. Nf3 e6 3. d4 cxd4 4. Nxd4 Nc6 5. Nc3 Qc7 6. Be3 Nf6 7. Qf3 Bb4 8.
Nxc6 dxc6 9. Bd4 e5 10. Qg3 Ng4 11. h3 Qa5 12. Bxa7 Nf6 13. Qxg7 Ke7 14. Bc4
Bxc3+ 15. Ke2 Be6 16. Bxe6 Kxe6 17. Be3 Qb5+ 18. Kf3 Qc4  0-1

[Event "2. BUNDESLIGA MITTE 2017/2018"]
[Site "St. Valentin, Pinggau/Villach/Taufkirchen, Fuerstenfeld, St. Veit"]
[Date "2017.10.29"]
[Round "3"]
[Board "2"]
[White "Freitag, Manfred"]
[Black "Farago, Ivan"]
[Result "1/2-1/2"]
[WhiteElo "2374"]
[BlackElo "2366"]
[PlyCount "60"]
[EventDate "2017.10.27"]
[EventType "team"]
[EventRounds "11"]
[EventCountry "AUT"]
[WhiteTeam "SPG Fuerstenfeld/Hartberg"]
[BlackTeam "Leoben"]

1. d4 Nf6 2. c4 e6 3. Nf3 b6 4. a3 Ba6 5. Qc2 Bb7 6. Nc3 c5 7. e4 cxd4 8. Nxd4
Bc5 9. Nf3 Nc6 10. b4 Nd4 11. Qd2 Nxf3+ 12. gxf3 Be7 13. Bb2 a5 14. Nb5 axb4
15. Nd6+ Bxd6 16. Qxd6 Qe7 17. Qxb4 Qxb4+ 18. axb4 Ke7 19. Rg1 Rxa1+ 20. Bxa1
Ra8 21. Bd4 d6 22. Kd2 e5 23. Bb2 Nh5 24. Bd3 Nf4 25. Bc2 g6 26. Ra1 Rxa1 27.
Bxa1 Bc8 28. c5 bxc5 29. bxc5 Ne6 30. cxd6+ Kxd6  1/2-1/2

[Event "2. BUNDESLIGA MITTE 2017/2018"]
[Site "St. Valentin, Pinggau/Villach/Taufkirchen, Fuerstenfeld, St. Veit"]
[Date "2017.10.29"]
[Round "3"]
[Board "3"]
[White "Horvath, Peter"]
[Black "Poetz, Florian"]
[Result "1/2-1/2"]
[WhiteElo "2421"]
[BlackElo "2385"]
[PlyCount "129"]
[EventDate "2017.10.27"]
[EventType "team"]
[EventRounds "11"]
[EventCountry "AUT"]
[WhiteTeam "Leoben"]
[BlackTeam "SPG Fuerstenfeld/Hartberg"]

1. d4 Nf6 2. Nf3 e6 3. Bg5 c5 4. e3 Be7 5. Nbd2 Nc6 6. c3 b6 7. Bd3 Bb7 8. O-O
O-O 9. a3 cxd4 10. cxd4 Nd5 11. Bxe7 Qxe7 12. Re1 d6 13. e4 Nf4 14. Bf1 Rfc8
15. d5 Ne5 16. dxe6 Nxe6 17. Qb3 Rc5 18. Rad1 Rd8 19. h3 h6 20. Qe3 Qf6 21. Nd4
Ng4 22. hxg4 Nxd4 23. Qd3 Rdc8 24. Nf3 Nc2 25. Re2 Qxb2 26. Qxd6 Ba6 27. Red2
Bxf1 28. Rxf1 R5c7 29. a4 Qb4 30. Qxb4 Nxb4 31. Rfd1 Kf8 32. Nd4 Na6 33. Nf5
Kg8 34. Nd6 Rd8 35. e5 Nc5 36. a5 bxa5 37. Rc2 Ne6 38. Rxc7 Nxc7 39. Ra1 Ne8
40. Nf5 Rd7 41. Rxa5 Rb7 42. g3 Kh7 43. f4 g6 44. Ne3 Nc7 45. Kf2 Kg7 46. Nc4
a6 47. Nd6 Rb2+ 48. Ke1 Rc2 49. Ne4 h5 50. g5 Kf8 51. Ra3 Ke7 52. Kd1 Rc6 53.
Ke2 Nb5 54. Rd3 a5 55. Rd5 Nc3+ 56. Nxc3 Rxc3 57. Kf2 Rc2+ 58. Kf3 Rc3+ 59. Kg2
Rc2+ 60. Kh3 Ra2 61. Rd6 Kf8 62. Rd7 Kg8 63. Ra7 Kf8 64. Rb7 Kg8 65. Ra7
 1/2-1/2

[Event "2. BUNDESLIGA MITTE 2017/2018"]
[Site "St. Valentin, Pinggau/Villach/Taufkirchen, Fuerstenfeld, St. Veit"]
[Date "2017.10.29"]
[Round "3"]
[Board "4"]
[White "Kuba, Guenter"]
[Black "Sandner, Wolfgang"]
[Result "1-0"]
[WhiteElo "2336"]
[BlackElo "2259"]
[PlyCount "73"]
[EventDate "2017.10.27"]
[EventType "team"]
[EventRounds "11"]
[EventCountry "AUT"]
[WhiteTeam "SPG Fuerstenfeld/Hartberg"]
[BlackTeam "Leoben"]

1. e4 c5 2. Nf3 d6 3. Bb5+ Bd7 4. Bxd7+ Qxd7 5. c4 Nf6 6. Nc3 g6 7. d4 cxd4 8.
Nxd4 Bg7 9. h3 Nc6 10. Be3 O-O 11. O-O Rfc8 12. b3 Qd8 13. Qd2 Nd7 14. Rfd1
Nxd4 15. Bxd4 Bxd4 16. Qxd4 Qb6 17. Qd2 Nf6 18. Nd5 Nxd5 19. exd5 Qd8 20. Re1
Rc7 21. Re4 b6 22. Rae1 Rb8 23. a4 Rbb7 24. R1e3 Qf8 25. Qe2 Qd8 26. h4 f6 27.
h5 g5 28. h6 Qf8 29. f4 gxf4 30. Qg4+ Kh8 31. Qxf4 Rb8 32. Rg3 Qf7 33. Rg7 Qh5
34. Rgxe7 Rxe7 35. Qxf6+ Kg8 36. Rxe7 Qd1+ 37. Kh2  1-0

[Event "2. BUNDESLIGA MITTE 2017/2018"]
[Site "St. Valentin, Pinggau/Villach/Taufkirchen, Fuerstenfeld, St. Veit"]
[Date "2017.10.29"]
[Round "3"]
[Board "5"]
[White "Bachler, Reinhard"]
[Black "Spindelboeck, Gernot"]
[Result "1-0"]
[WhiteElo "2179"]
[BlackElo "2218"]
[PlyCount "163"]
[EventDate "2017.10.27"]
[EventType "team"]
[EventRounds "11"]
[EventCountry "AUT"]
[WhiteTeam "Leoben"]
[BlackTeam "SPG Fuerstenfeld/Hartberg"]

1. g3 d5 2. Bg2 c6 3. b3 Nf6 4. Bb2 g6 5. Bxf6 exf6 6. d4 Bg7 7. e3 O-O 8. Ne2
Be6 9. O-O Nd7 10. Nf4 f5 11. h4 Nf6 12. Nd2 Ne4 13. Nf3 Qe7 14. Qd3 a5 15. c4
a4 16. Rfc1 Qa3 17. cxd5 Bxd5 18. Nxd5 cxd5 19. Qb1 Rfc8 20. Rxc8+ Rxc8 21.
bxa4 h6 22. Ne1 Qc3 23. Bxe4 fxe4 24. Qd1 Bf8 25. Rb1 Rc7 26. Qb3 Qd2 27. Kf1
Rc4 28. Rd1 Qa5 29. Qb5 Rxa4 30. Qxa5 Rxa5 31. Rd2 Bb4 32. Rb2 Bc3 33. Rb3 Bd2
34. a3 Bxe1 35. Kxe1 b5 36. Kd2 Kf8 37. Kc3 Ra4 38. Rxb5 Rxa3+ 39. Kd2 Ra1 40.
Rxd5 Ra2+ 41. Ke1 Ra1+ 42. Ke2 Ra2+ 43. Kf1 Ra1+ 44. Kg2 h5 45. Re5 f5 46. Rb5
Kf7 47. Rb2 Rd1 48. Rc2 Ke6 49. Rc6+ Kf7 50. Ra6 Kg7 51. Ra2 Kf6 52. f3 exf3+
53. Kxf3 Rf1+ 54. Ke2 Rg1 55. Kf2 Rd1 56. Ra6+ Kf7 57. Ra2 Kf6 58. Re2 Ke6 59.
Re1 Rd2+ 60. Kf3 Kf6 61. Ra1 Kf7 62. Kf4 Rg2 63. d5 Rf2+ 64. Kg5 Rf3 65. Ra7+
Kf8 66. Kxg6 Rxg3+ 67. Kxf5 Rxe3 68. Rh7 Re1 69. Rxh5 Ke7 70. Kg6 Rh1 71. Rh8
Kd6 72. h5 Kxd5 73. Re8 Rg1+ 74. Kh7 Kd6 75. h6 Kd7 76. Rg8 Rh1 77. Rg6 Ke7 78.
Kg7 Rf1 79. h7 Rf7+ 80. Kh6 Rf8 81. Rg8 Rf6+ 82. Kg5  1-0

[Event "2. BUNDESLIGA MITTE 2017/2018"]
[Site "St. Valentin, Pinggau/Villach/Taufkirchen, Fuerstenfeld, St. Veit"]
[Date "2017.10.29"]
[Round "3"]
[Board "6"]
[White "Stradner, Stefan"]
[Black "Sachsenhofer, Michael"]
[Result "1/2-1/2"]
[WhiteElo "2179"]
[BlackElo "2125"]
[PlyCount "92"]
[EventDate "2017.10.27"]
[EventType "team"]
[EventRounds "11"]
[EventCountry "AUT"]
[WhiteTeam "SPG Fuerstenfeld/Hartberg"]
[BlackTeam "Leoben"]

1. Nf3 f5 2. d4 Nf6 3. Bf4 g6 4. e3 Bg7 5. c4 O-O 6. Nc3 e6 7. c5 Nh5 8. Bc4 d5
9. Be2 Nxf4 10. exf4 c6 11. Qd2 b6 12. Na4 Ba6 13. Rc1 Bxe2 14. Qxe2 b5 15. Nc3
Re8 16. a4 b4 17. Na2 a5 18. O-O Qc8 19. Rce1 Nd7 20. Qe3 Qa6 21. Nc1 Re7 22.
Nb3 Bf6 23. Qe2 Qxe2 24. Rxe2 Kf7 25. Ng5+ Bxg5 26. fxg5 e5 27. dxe5 Rxe5 28.
Rfe1 Rae8 29. Rxe5 Nxe5 30. Ra1 Nc4 31. Kf1 Nxb2 32. Rb1 Nc4 33. Re1 Rxe1+ 34.
Kxe1 Ke7 35. Ke2 Nb2 36. Nxa5 Kd7 37. Nb3 Nxa4 38. Ke3 Nb2 39. Kd4 Nc4 40. Nc1
Ke6 41. f4 Na3 42. Kd3 Nc4 43. Nb3 Nb2+ 44. Kc2 Nc4 45. Kd3 Nb2+ 46. Kc2 Nc4
 1/2-1/2

[Event "2. BUNDESLIGA MITTE 2017/2018"]
[Site "St. Valentin, Pinggau/Villach/Taufkirchen, Fuerstenfeld, St. Veit"]
[Date "2017.10.29"]
[Round "3"]
[Board "1"]
[White "Milanovic, Danilo"]
[Black "Menezes, Christoph"]
[Result "1/2-1/2"]
[WhiteElo "2488"]
[BlackElo "2404"]
[PlyCount "82"]
[EventDate "2017.10.27"]
[EventType "team"]
[EventRounds "11"]
[EventCountry "AUT"]
[WhiteTeam "SPG Sparkasse Pinggau-Friedberg"]
[BlackTeam "UNION Ansfelden"]

1. d4 Nf6 2. Bf4 d5 3. e3 c5 4. c3 Nc6 5. Nd2 e6 6. Ngf3 cxd4 7. exd4 Nh5 8.
Be3 Bd6 9. Ne5 g6 10. f4 f6 11. Nd3 O-O 12. Be2 Ng7 13. Nf3 b6 14. O-O a5 15.
a4 Ba6 16. Nf2 Bxe2 17. Qxe2 Qc7 18. Nd3 Rae8 19. Rac1 Qd7 20. b3 Ne7 21. Qc2
Rc8 22. Rfe1 Nef5 23. Bf2 Ba3 24. Ra1 Bb4 25. Nxb4 axb4 26. c4 Qc7 27. Qd2 dxc4
28. bxc4 Qxc4 29. Rec1 Qb3 30. Rcb1 Qc3 31. Be1 Rfd8 32. Qf2 Qc7 33. Rxb4 Ne7
34. Rbb1 Ra8 35. g3 Nd5 36. Qe2 Rdc8 37. Rb5 Qc4 38. Qxc4 Rxc4 39. a5 bxa5 40.
Rbxa5 Rxa5 41. Rxa5 Nf5  1/2-1/2

[Event "2. BUNDESLIGA MITTE 2017/2018"]
[Site "St. Valentin, Pinggau/Villach/Taufkirchen, Fuerstenfeld, St. Veit"]
[Date "2017.10.29"]
[Round "3"]
[Board "2"]
[White "Weiss, Christian"]
[Black "Mahdy, Khaled"]
[Result "1/2-1/2"]
[WhiteElo "2378"]
[BlackElo "2394"]
[PlyCount "59"]
[EventDate "2017.10.27"]
[EventType "team"]
[EventRounds "11"]
[EventCountry "AUT"]
[WhiteTeam "UNION Ansfelden"]
[BlackTeam "SPG Sparkasse Pinggau-Friedberg"]

1. d4 Nf6 2. Nc3 d5 3. Bg5 c6 4. Qd2 Nbd7 5. e3 h6 6. Bxf6 Nxf6 7. Bd3 e6 8.
Nf3 c5 9. Bb5+ Bd7 10. Bxd7+ Qxd7 11. O-O Be7 12. a3 O-O 13. Ne5 Qc7 14. f3 a6
15. Nd3 Nd7 16. Ne2 Rac8 17. c3 Rfd8 18. f4 Nf6 19. Ng3 Ne4 20. Nxe4 dxe4 21.
Nf2 cxd4 22. exd4 f5 23. Nd1 g6 24. Kh1 Rd7 25. Ne3 Bd6 26. g3 e5 27. dxe5 Bxe5
28. Qf2 Bg7 29. Rad1 Rcd8 30. Qe2  1/2-1/2

[Event "2. BUNDESLIGA MITTE 2017/2018"]
[Site "St. Valentin, Pinggau/Villach/Taufkirchen, Fuerstenfeld, St. Veit"]
[Date "2017.10.29"]
[Round "3"]
[Board "3"]
[White "Kostic, Vladimir"]
[Black "Knoll, Hermann"]
[Result "1/2-1/2"]
[WhiteElo "2323"]
[BlackElo "2333"]
[PlyCount "109"]
[EventDate "2017.10.27"]
[EventType "team"]
[EventRounds "11"]
[EventCountry "AUT"]
[WhiteTeam "SPG Sparkasse Pinggau-Friedberg"]
[BlackTeam "UNION Ansfelden"]

1. e4 e5 2. Nf3 Nc6 3. d4 exd4 4. Nxd4 Bc5 5. Nb3 Bb4+ 6. c3 Be7 7. Bc4 Nf6 8.
Bf4 d6 9. N1d2 O-O 10. O-O Ne5 11. Be2 Ng6 12. Bg3 Re8 13. f4 Bf8 14. Bf3 c6
15. Re1 d5 16. e5 Nd7 17. Nd4 c5 18. e6 Nf6 19. exf7+ Kxf7 20. f5 Rxe1+ 21.
Qxe1 cxd4 22. fxg6+ hxg6 23. cxd4 Be6 24. Nb3 Rc8 25. Rc1 Rc4 26. Bf2 b6 27.
Qe2 Qc8 28. Qf1 Kg8 29. Be2 Rxc1 30. Qxc1 Qxc1+ 31. Nxc1 Ne4 32. Be3 Bd6 33.
Nd3 g5 34. h3 Kf7 35. a3 Kf6 36. g4 Bd7 37. Kg2 Bb5 38. Nc1 Be8 39. Kf3 Bg6 40.
Ba6 Ng3 41. Ne2 Be4+ 42. Kf2 Nxe2 43. Bxe2 Bf4 44. Bxf4 gxf4 45. h4 g5 46. h5
Kg7 47. Bb5 Kh6 48. b4 Kg7 49. a4 Kh6 50. a5 Bc2 51. axb6 axb6 52. Bd7 Bb3 53.
Ke1 Bc4 54. Bf5 b5 55. Kf2  1/2-1/2